[Event "Barcelona Sant Marti op-B 21st"]
[Site "Barcelona"]
[Date "2019.07.19"]
[Round "7"]
[White "Sumelzo Lozano, Jose"]
[Black "Carranza Kairgaliyev, Jan"]
[Result "1-0"]
[WhiteElo "1870"]
[BlackElo "1618"]
[PlyCount "53"]
[EventDate "2019.07.13"]
[EventType "swiss"]
[EventRounds "9"]
[EventCountry "ESP"]
[SourceTitle "EXT 2020"]
[Source "ChessBase"]
[SourceDate "2019.10.17"]
[SourceVersion "1"]
[SourceVersionDate "2019.10.17"]
[SourceQuality "1"]

1. e4 d5 2. exd5 Qxd5 3. Nc3 Qd8 4. Nf3 Nf6 5. Bc4 Bf5 6. 0-0 e6 7. d4 Be7 8. h3 h6 9. Re1 c6 10. Qe2 0-0 11. g4 Nxg4 12. hxg4 Bxg4 13. Bf4 Bxf3 14. Qxf3 Qxd4 15. Re4 Qf6 16. Qg3 Qh4 17. Qg2 Nd7 18. Bd6 Qf6 19. Rf4 Qg5 20. Rg4 Qf6 21. Bxe7 Qxe7 22. Rxg7+ Kh8 23. Bd3 Nf6 24. Qg6 fxg6 25. Rxe7 Nd5 26. Nxd5 exd5 27. Bxg6 1-0

[Event "Barcelona Sant Marti op-B 21st"]
[Site "Barcelona"]
[Date "2019.07.16"]
[Round "4"]
[White "Carranza Kairgaliyev, Jan"]
[Black "Karapetyan Hakobyan, Daniel"]
[Result "1-0"]
[WhiteElo "1618"]
[BlackElo "1339"]
[PlyCount "67"]
[EventDate "2019.07.13"]
[EventType "swiss"]
[EventRounds "9"]
[EventCountry "ESP"]
[SourceTitle "EXT 2020"]
[Source "ChessBase"]
[SourceDate "2019.10.17"]
[SourceVersion "1"]
[SourceVersionDate "2019.10.17"]
[SourceQuality "1"]

1. d4 Nf6 2. c4 g6 3. Nf3 Bg7 4. Nc3 0-0 5. e4 d6 6. Be2 c5 7. d5 Bg4 8. 0-0 Nbd7 9. h3 Bxf3 10. Bxf3 Ne5 11. Be2 Nfd7 12. f4 Nb6 13. fxe5 Bxe5 14. Bh6 Re8 15. Qd2 Nd7 16. Kh1 Kh8 17. Bd3 Kg8 18. Rf3 Bh8 19. Bf4 Ne5 20. Bxe5 Bxe5 21. Raf1 Rf8 22. h4 Kg7 23. h5 Qd7 24. Rh3 Rh8 25. h6+ Kf8 26. Rhf3 f6 27. Ne2 Ke8 28. Nf4 Qg4 29. Ne6 Kd7 30. b4 b6 31. Qd1 cxb4 32. Qa4+ Kc8 33. Qc6+ Kb8 34. Qc7# 1-0

[Event "Barcelona Sant Marti op-B 21st"]
[Site "Barcelona"]
[Date "2019.07.14"]
[Round "2"]
[White "Carranza Kairgaliyev, Jan"]
[Black "Casas Vinas, Arthur"]
[Result "1-0"]
[WhiteElo "1618"]
[BlackElo "1328"]
[PlyCount "79"]
[EventDate "2019.07.13"]
[EventType "swiss"]
[EventRounds "9"]
[EventCountry "ESP"]
[SourceTitle "EXT 2020"]
[Source "ChessBase"]
[SourceDate "2019.10.17"]
[SourceVersion "1"]
[SourceVersionDate "2019.10.17"]
[SourceQuality "1"]

1. d4 Nf6 2. c4 g6 3. Nf3 Bg7 4. Nc3 d6 5. e4 0-0 6. Be2 Nbd7 7. 0-0 e5 8. d5 Nc5 9. Qc2 a5 10. Be3 Ncd7 11. h3 Re8 12. a3 h6 13. Nh2 g5 14. b4 Nf8 15. c5 Ng6 16. Nb5 Re7 17. Rfc1 axb4 18. axb4 Rxa1 19. Rxa1 Kh7 20. Ra8 Re8 21. Na7 Ne7 22. Ng4 Nfg8 23. c6 bxc6 24. dxc6 Kh8 25. Ba6 Rf8 26. Nxc8 Nxc8 27. Rxc8 Qe7 28. Rxf8 Qxf8 29. b5 Qa8 30. Qc4 h5 31. Nh2 f6 32. b6 Qb8 33. b7 Ne7 34. Qb5 Kh7 35. Ba7 Qxa7 36. b8Q Qxb8 37. Qxb8 Nxc6 38. Qxc7 Nd4 39. Qxd6 Kg6 40. Nf3 1-0

[Event "Mem Vinas 15th A"]
[Site "Mataro"]
[Date "2019.06.22"]
[Round "7.12"]
[White "Carranza Kairgaliyev, Jan"]
[Black "Colome Rovira, Oscar"]
[Result "0-1"]
[WhiteElo "1618"]
[BlackElo "1743"]
[PlyCount "114"]
[EventDate "2019.05.04"]
[EventType "swiss"]
[EventRounds "8"]
[EventCountry "ESP"]
[SourceTitle "EXT 2024"]
[Source "ChessBase"]
[SourceDate "2023.10.10"]
[SourceVersion "1"]
[SourceVersionDate "2023.10.10"]
[SourceQuality "1"]

1. d4 Nf6 2. Nf3 d5 3. c4 e6 4. Nc3 Be7 5. Bg5 0-0 6. e3 c5 7. dxc5 Qa5 8. Qc2 Nc6 9. Be2 Qxc5 10. cxd5 Nxd5 11. Bxe7 Ndxe7 12. 0-0 e5 13. Rac1 Bf5 14. Qa4 Qd6 15. Rfd1 Qf6 16. Ne4 Bxe4 17. Qxe4 Rad8 18. b4 Nc8 19. a3 Nd6 20. Qc2 e4 21. Nd4 Ne5 22. Qb3 Rc8 23. h3 Qg6 24. a4 Nf5 25. Qd5 Nh4 26. g3 Nd3 27. Rxc8 Rxc8 28. Bxd3 exd3 29. Kh2 Qf6 30. f4 Rd8 31. Qe4 Ng6 32. Rxd3 Qa6 33. f5 Nf8 34. Ra3 Qc4 35. Qxb7 Qc1 36. Rd3 Nd7 37. Qg2 Ne5 38. Rd2 h5 39. Qe2 h4 40. g4 Qc3 41. b5 Qc7 42. Kg2 Nc4 43. Rd3 Qg3+ 44. Kf1 Qxh3+ 45. Kg1 Qg3+ 46. Kh1 Ne5 47. Rb3 Nxg4 48. Qg2 Qe1+ 49. Qg1 Nf2+ 50. Kh2 Qd2 51. f6 Ng4+ 52. Kh3 Nxf6 53. Nf5 g6 54. Nxh4 Qc2 55. Ra3 Rd2 56. Nxg6 Qf5+ 57. Kh4 Qh5+ 0-1

[Event "Mem Vinas 15th A"]
[Site "Mataro"]
[Date "2019.06.08"]
[Round "5.5"]
[White "Carranza Kairgaliyev, Jan"]
[Black "Ruiz Molina, Gabriel"]
[Result "0-1"]
[WhiteElo "1618"]
[BlackElo "1961"]
[PlyCount "54"]
[EventDate "2019.05.04"]
[EventType "swiss"]
[EventRounds "8"]
[EventCountry "ESP"]
[SourceTitle "EXT 2024"]
[Source "ChessBase"]
[SourceDate "2023.10.10"]
[SourceVersion "1"]
[SourceVersionDate "2023.10.10"]
[SourceQuality "1"]

1. d4 Nf6 2. c4 e6 3. Nf3 b6 4. Bg5 Bb7 5. e3 h6 6. Bh4 Bb4+ 7. Nc3 0-0 8. a3 Bxc3+ 9. bxc3 d6 10. Be2 Nbd7 11. 0-0 Qe7 12. h3 e5 13. Rc1 Rae8 14. Qa4 a5 15. c5 dxc5 16. Bb5 Bxf3 17. dxe5 Nxe5 18. Bxf6 Qxf6 19. Bxe8 Qg5 20. g3 Qe7 21. Bb5 c6 22. Bc4 b5 23. Bxb5 cxb5 24. Qxb5 Bc6 25. Qb6 Nf3+ 26. Kh1 Qe6 27. g4 Qe5 0-1

[Event "Mem Vinas 15th A"]
[Site "Mataro"]
[Date "2019.05.11"]
[Round "2.7"]
[White "Carranza Kairgaliyev, Jan"]
[Black "Escribano Rodriguez, Pedro"]
[Result "1/2-1/2"]
[WhiteElo "1618"]
[BlackElo "1982"]
[PlyCount "50"]
[EventDate "2019.05.04"]
[EventType "swiss"]
[EventRounds "8"]
[EventCountry "ESP"]
[SourceTitle "EXT 2024"]
[Source "ChessBase"]
[SourceDate "2023.10.10"]
[SourceVersion "1"]
[SourceVersionDate "2023.10.10"]
[SourceQuality "1"]

1. d4 Nf6 2. c4 c5 3. e3 e6 4. Nf3 d5 5. cxd5 exd5 6. Be2 Nc6 7. 0-0 Bd6 8. dxc5 Bxc5 9. Nc3 Be6 10. a3 a6 11. b4 Bd6 12. Bb2 0-0 13. Rc1 Ne4 14. Nxe4 dxe4 15. Nd4 Bd7 16. Qd2 Qe7 17. Rfd1 Rad8 18. Qc3 Ne5 19. b5 Rc8 20. Qb3 a5 21. b6 a4 22. Qa2 Bc5 23. Nb5 Nd3 24. Bxd3 exd3 25. Nd4 Bxb6 1/2-1/2

[Event "Maresme op 15th"]
[Site "Maresme"]
[Date "2018.12.01"]
[Round "9"]
[White "Pacheco Jimenez, Jose Ramon"]
[Black "Carranza Kairgaliyev, Jan"]
[Result "1-0"]
[WhiteElo "1690"]
[BlackElo "1625"]
[PlyCount "61"]
[EventDate "2018.09.29"]
[EventType "swiss"]
[EventRounds "9"]
[EventCountry "ESP"]
[SourceTitle "EXT 2024"]
[Source "ChessBase"]
[SourceDate "2023.10.10"]
[SourceVersion "1"]
[SourceVersionDate "2023.10.10"]
[SourceQuality "1"]

1. d4 d5 2. Nf3 Nf6 3. c3 e6 4. h3 Be7 5. Bf4 0-0 6. Nbd2 Nbd7 7. e3 b6 8. Be2 Bb7 9. 0-0 c5 10. a3 h6 11. b4 Nh7 12. Ne5 Ng5 13. Rc1 Rc8 14. Qa4 Nxe5 15. Bxe5 Ra8 16. Bf3 a5 17. bxc5 bxc5 18. dxc5 Bxc5 19. Be2 Qe7 20. Rb1 Rfc8 21. Rb3 f6 22. Bg3 e5 23. Rfb1 Bc6 24. Bb5 Bxb5 25. Rxb5 Bxa3 26. Rxd5 Rxc3 27. Rd7 Qc5 28. Rbb7 Ne6 29. Qg4 Rc1+ 30. Kh2 Qc6 31. Rxg7+ 1-0

[Event "Maresme op 15th"]
[Site "Maresme"]
[Date "2018.11.10"]
[Round "6"]
[White "Garcia Argemi, Josep"]
[Black "Carranza Kairgaliyev, Jan"]
[Result "1/2-1/2"]
[WhiteElo "1660"]
[BlackElo "1625"]
[PlyCount "41"]
[EventDate "2018.09.29"]
[EventType "swiss"]
[EventRounds "9"]
[EventCountry "ESP"]
[SourceTitle "EXT 2024"]
[Source "ChessBase"]
[SourceDate "2023.10.10"]
[SourceVersion "1"]
[SourceVersionDate "2023.10.10"]
[SourceQuality "1"]

1. Nf3 Nf6 2. d4 d5 3. g3 e6 4. Bg5 Be7 5. Bg2 0-0 6. 0-0 Nbd7 7. c3 h6 8. Bxf6 Nxf6 9. Nbd2 c5 10. Qb3 Qb6 11. Qxb6 axb6 12. Ne5 Rd8 13. a3 Bd7 14. Nxd7 Nxd7 15. f4 Nf6 16. Rae1 Rac8 17. e3 Rc7 18. f5 exf5 19. Rxf5 g6 20. Rff1 Kg7 21. Nb3 1/2-1/2

[Event "Maresme op 15th"]
[Site "Maresme"]
[Date "2018.10.27"]
[Round "4"]
[White "Agapito Garrido, Bernat"]
[Black "Carranza Kairgaliyev, Jan"]
[Result "0-1"]
[WhiteElo "1450"]
[BlackElo "1625"]
[PlyCount "98"]
[EventDate "2018.09.29"]
[EventType "swiss"]
[EventRounds "9"]
[EventCountry "ESP"]
[SourceTitle "EXT 2020"]
[Source "ChessBase"]
[SourceDate "2019.10.17"]
[SourceVersion "1"]
[SourceVersionDate "2019.10.17"]
[SourceQuality "1"]

1. e4 e5 2. Nf3 Nc6 3. Bc4 Nf6 4. d3 Be7 5. c3 0-0 6. 0-0 d6 7. Re1 h6 8. Nbd2 Be6 9. Bb3 Nh7 10. Bxe6 fxe6 11. Qb3 Qd7 12. Qxb7 Rab8 13. Qa6 Ng5 14. Qa4 Qe8 15. Nxg5 Bxg5 16. Qc2 Qg6 17. Nf3 Bxc1 18. Raxc1 Rxf3 19. Kh1 Rf6 20. b3 Rbf8 21. f3 Qf7 22. Rcd1 Ne7 23. d4 exd4 24. cxd4 Ng6 25. d5 Nf4 26. dxe6 Rxe6 27. Qf2 d5 28. Qxa7 Rfe8 29. Qa4 Qg6 30. g3 Nh5 31. Rxd5 Nf6 32. Rd4 Qh5 33. Kg2 Qc5 34. Rc4 Qe5 35. Kf2 Rd8 36. Re2 Rd1 37. Rec2 Qa1 38. Rxc7 Rf1+ 39. Ke3 Nd5+ 40. Kd3 Nxc7 41. Rxc7 Rd6+ 42. Kc4 Qc1+ 43. Kb4 Qxc7 44. Qe8+ Kh7 45. e5 Rb6+ 46. Ka3 Qc5+ 47. Kb2 Rf2+ 48. Kb1 Qc2+ 49. Ka1 Qc1# 0-1

[Event "Maresme op 15th"]
[Site "Maresme"]
[Date "2018.09.29"]
[Round "1"]
[White "Carranza Kairgaliyev, Jan"]
[Black "Ruiz Molina, Gabriel"]
[Result "0-1"]
[WhiteElo "1625"]
[BlackElo "1929"]
[PlyCount "80"]
[EventDate "2018.09.29"]
[EventType "swiss"]
[EventRounds "9"]
[EventCountry "ESP"]
[SourceTitle "EXT 2020"]
[Source "ChessBase"]
[SourceDate "2019.10.17"]
[SourceVersion "1"]
[SourceVersionDate "2019.10.17"]
[SourceQuality "1"]

1. e4 e6 2. d4 d5 3. exd5 exd5 4. Bd3 Bd6 5. Nf3 Ne7 6. 0-0 0-0 7. Nbd2 Nbc6 8. c3 Bf5 9. Bxf5 Nxf5 10. Qc2 Qd7 11. Nb3 b6 12. Bd2 Rae8 13. Rae1 Re7 14. Rxe7 Nfxe7 15. Re1 Ng6 16. Nc1 Qg4 17. h3 Qh5 18. Qa4 Nce7 19. Nd3 Qf5 20. Nde5 a5 21. Qd1 c5 22. Qb3 Rb8 23. a4 Nxe5 24. Nxe5 f6 25. Nf3 Qd7 26. Be3 Kf8 27. Qc2 Kg8 28. Kf1 Rc8 29. Qd1 c4 30. Qc2 Nf5 31. Bc1 Bc7 32. Qe2 Kf7 33. Bd2 Nd6 34. Nh4 Ne4 35. Qh5+ Kg8 36. Bc1 Re8 37. Qf5 Qf7 38. Bf4 Bxf4 39. Qxf4 g5 40. Qg4 Nd2+ 0-1

[Event "Mataro Vinas Memorial 14th"]
[Site "Mataro"]
[Date "2018.04.14"]
[Round "2"]
[White "Castillo Martinez, Aran"]
[Black "Carranza Kairgaliyev, Jan"]
[Result "1-0"]
[WhiteElo "1811"]
[BlackElo "1593"]
[PlyCount "81"]
[EventDate "2018.04.07"]
[EventType "swiss"]
[EventRounds "9"]
[EventCountry "ESP"]
[SourceTitle "EXT 2019"]
[Source "ChessBase"]
[SourceDate "2018.10.10"]
[SourceVersion "1"]
[SourceVersionDate "2018.10.10"]
[SourceQuality "1"]

1. d4 Nf6 2. Nf3 e6 3. e3 b6 4. Bd3 Bb7 5. b3 g6 6. Bb2 Bg7 7. 0-0 0-0 8. Nbd2 d6 9. c4 Nbd7 10. e4 Qe7 11. e5 dxe5 12. dxe5 Ng4 13. Re1 Nc5 14. Be4 Bxe4 15. Nxe4 Rad8 16. Qc2 Nd3 17. Red1 Ndxe5 18. Nd4 Rd7 19. h3 Nh6 20. f4 c5 21. fxe5 cxd4 22. Bxd4 Nf5 23. Nf6+ Bxf6 24. exf6 Qb4 25. Bf2 Rfd8 26. Rxd7 Rxd7 27. Rd1 Rxd1+ 28. Qxd1 Qd6 29. Qxd6 Nxd6 30. c5 Nc8 31. a4 Kf8 32. c6 a5 33. Bg3 Ke8 34. Bb8 Kd8 35. Kf2 Ke8 36. Ke3 Kf8 37. Kd4 Ke8 38. Kc4 Kd8 39. Kb5 g5 40. Ka6 h5 41. Kb7 1-0

[Event "Maresme op 14th"]
[Site "Maresme"]
[Date "2017.09.30"]
[Round "1"]
[White "Carranza Kairgaliyev, Jan"]
[Black "Ruiz Molina, Gabriel"]
[Result "1/2-1/2"]
[WhiteElo "1487"]
[BlackElo "1899"]
[PlyCount "131"]
[EventDate "2017.09.30"]
[EventType "swiss"]
[EventRounds "9"]
[EventCountry "ESP"]
[SourceTitle "CBM 181 Extra"]
[Source "ChessBase"]
[SourceDate "2017.12.12"]
[SourceVersion "1"]
[SourceVersionDate "2017.12.12"]
[SourceQuality "1"]

1. e4 e6 2. d4 d5 3. exd5 exd5 4. Bd3 Bd6 5. Nf3 Nf6 6. 0-0 0-0 7. Bg5 Nbd7 8. Nbd2 c6 9. c3 Qc7 10. Qc2 h6 11. Bh4 Nh5 12. Rae1 Ndf6 13. Ne5 c5 14. Ndf3 b6 15. Bf5 Ba6 16. Bd3 Bxd3 17. Qxd3 g5 18. Bg3 Ng7 19. Re2 c4 20. Qc2 Ne4 21. Rfe1 Rfe8 22. Nd2 Nxg3 23. hxg3 f5 24. Ndf3 Re6 25. Qa4 Rae8 26. Qb5 Qb7 27. Kf1 a6 28. Qa4 b5 29. Qc2 a5 30. a3 Qc7 31. Qd2 g4 32. Nh4 Bxe5 33. Rxe5 Rxe5 34. Rxe5 Rxe5 35. dxe5 Qc6 36. Qd4 Qe6 37. f4 h5 38. Qc5 Qd7 39. Kf2 Ne6 40. Qd6 Qxd6 41. exd6 Kf7 42. Nxf5 Nc5 43. Nd4 Ne4+ 44. Ke3 Nxd6 45. Nc6 Nf5+ 46. Kf2 a4 47. Nb4 Ke6 48. Nc2 Kf6 49. Ne3 Ne7 50. Nc2 Nc6 51. Ke3 Ne7 52. Nd4 Ng6 53. Nxb5 h4 54. gxh4 Nxh4 55. g3 Nf5+ 56. Kf2 Ke7 57. Nd4 Nd6 58. Nc6+ Ke6 59. Nd4+ Kf6 60. Ne2 Nf5 61. Nd4 Nd6 62. Ke3 Ne4 63. Ne2 Ke6 64. Kd4 Kd6 65. Ke3 Nc5 66. Nc1 1/2-1/2

[Event "Mataro Vinas Memorial-B 13th"]
[Site "Mataro"]
[Date "2017.06.10"]
[Round "7.7"]
[White "Puig Vila, Esteve"]
[Black "Carranza Kairgaliyev, Jan"]
[Result "1-0"]
[WhiteElo "1550"]
[BlackElo "1530"]
[PlyCount "45"]
[EventDate "2017.04.22"]
[EventType "swiss"]
[EventRounds "8"]
[EventCountry "ESP"]
[SourceTitle "EXT 2024"]
[Source "ChessBase"]
[SourceDate "2023.10.10"]
[SourceVersion "1"]
[SourceVersionDate "2023.10.10"]
[SourceQuality "1"]

1. e4 e5 2. Nf3 Nc6 3. d4 exd4 4. Nxd4 Nf6 5. Nxc6 bxc6 6. Bd3 Be7 7. 0-0 0-0 8. b3 d5 9. Nd2 Be6 10. e5 Nd7 11. Bb2 Re8 12. f4 f6 13. f5 Bc5+ 14. Kh1 Nxe5 15. fxe6 Rxe6 16. Bf5 Re7 17. Nf3 Qe8 18. Nxe5 fxe5 19. Rf3 Qh5 20. Qf1 Bd6 21. Rh3 Qf7 22. Bxh7+ Kf8 23. Rf3 1-0

[Event "Mataro op 12th"]
[Site "Mataro"]
[Date "2015.11.07"]
[Round "6.11"]
[White "Robert Sancho, Albert"]
[Black "Carranza Kairgaliyev, Jan"]
[Result "1/2-1/2"]
[WhiteElo "1782"]
[BlackElo "1707"]
[PlyCount "87"]
[EventDate "2015.10.03"]
[EventType "swiss"]
[EventRounds "9"]
[EventCountry "ESP"]
[SourceTitle "EXT 2024"]
[Source "ChessBase"]
[SourceDate "2023.10.10"]
[SourceVersion "1"]
[SourceVersionDate "2023.10.10"]
[SourceQuality "1"]

1. e4 e5 2. Nf3 Nc6 3. Bc4 Nf6 4. Nc3 Bb4 5. d3 d6 6. h3 0-0 7. Bg5 Be6 8. Bb3 Bxc3+ 9. bxc3 h6 10. Bh4 Na5 11. 0-0 c6 12. d4 g5 13. dxe5 dxe5 14. Bg3 Nxe4 15. Bxe5 Nxb3 16. cxb3 Qd5 17. Qxd5 cxd5 18. Bd4 Kh7 19. Rfe1 Rg8 20. Nh2 b6 21. f3 Nd6 22. Re3 Nf5 23. Rd3 Nxd4 24. Rxd4 Rac8 25. Rc1 Rc7 26. Ng4 Rgc8 27. Nf6+ Kg7 28. Nxd5 Bxd5 29. Rxd5 Rxc3 30. Rcd1 Rc2 31. R5d2 Rxd2 32. Rxd2 Rc7 33. Kf2 Kf6 34. Kg3 Kg6 35. Rd3 Re7 36. a4 Re6 37. Rd4 f5 38. b4 f4+ 39. Kh2 Kf5 40. b5 Re7 41. Rc4 Rd7 42. Re4 Rc7 43. Kg1 Rc1+ 44. Kh2 1/2-1/2

[Event "Mataro op 12th"]
[Site "Mataro"]
[Date "2015.10.31"]
[Round "5.13"]
[White "Carranza Kairgaliyev, Jan"]
[Black "Molina Villen, Francisco"]
[Result "1-0"]
[WhiteElo "1707"]
[BlackElo "1780"]
[PlyCount "85"]
[EventDate "2015.10.03"]
[EventType "swiss"]
[EventRounds "9"]
[EventCountry "ESP"]
[SourceTitle "EXT 2024"]
[Source "ChessBase"]
[SourceDate "2023.10.10"]
[SourceVersion "1"]
[SourceVersionDate "2023.10.10"]
[SourceQuality "1"]

1. Nf3 d6 2. g3 e5 3. d3 Nc6 4. Bg2 Bd7 5. 0-0 h6 6. Nbd2 Nf6 7. e4 Bg4 8. h3 Bh5 9. g4 Bg6 10. c3 Qd7 11. a4 Be7 12. Qc2 0-0 13. Nh4 Nh7 14. Nf5 Ng5 15. Nb3 Ne6 16. Be3 h5 17. d4 Nf4 18. d5 Nxg2 19. dxc6 bxc6 20. Kxg2 hxg4 21. hxg4 Bf6 22. Rh1 d5 23. Rad1 Qc8 24. Rh2 Bd8 25. Rdh1 f6 26. Bc5 Re8 27. Rh8+ Kf7 28. Rxe8 Kxe8 29. Rh8+ Kd7 30. Rg8 Bxf5 31. Rxg7+ Ke8 32. exf5 Qa6 33. Qd2 Qc4 34. Bb4 Qe4+ 35. f3 Qf4 36. Qxf4 exf4 37. Nc5 a5 38. Ba3 Rb8 39. Ne6 Rb7 40. Rg8+ Kf7 41. Rxd8 c5 42. Bxc5 Rxb2+ 43. Kh3 1-0

[Event "Mataro op 12th"]
[Site "Mataro"]
[Date "2015.10.24"]
[Round "4.13"]
[White "Malea Collado, Francesc"]
[Black "Carranza Kairgaliyev, Jan"]
[Result "1-0"]
[WhiteElo "1700"]
[BlackElo "1707"]
[PlyCount "113"]
[EventDate "2015.10.03"]
[EventType "swiss"]
[EventRounds "9"]
[EventCountry "ESP"]
[SourceTitle "EXT 2024"]
[Source "ChessBase"]
[SourceDate "2023.10.10"]
[SourceVersion "1"]
[SourceVersionDate "2023.10.10"]
[SourceQuality "1"]

1. Nf3 d5 2. d3 Nf6 3. Nbd2 Bg4 4. g3 e6 5. Bg2 Bd6 6. e4 dxe4 7. dxe4 e5 8. 0-0 Nc6 9. Qe2 0-0 10. h3 Bh5 11. g4 Bg6 12. Re1 Qe7 13. Qb5 Rab8 14. Nh4 Nd4 15. Qa4 Bc5 16. c3 Nc6 17. Bf1 a6 18. Qb3 Rfd8 19. Nxg6 hxg6 20. Nf3 b5 21. Ng5 Na5 22. Qc2 Bb6 23. b4 Nb7 24. a4 c5 25. axb5 axb5 26. Ba3 c4 27. Bc1 Ra8 28. Rxa8 Rxa8 29. Rd1 Rd8 30. Kg2 Rxd1 31. Qxd1 Nd6 32. Qc2 Qb7 33. f3 Qc6 34. Kg3 Nfe8 35. f4 f6 36. fxe5 fxe5 37. Bg2 Bd8 38. Ne6 Qd7 39. Nxd8 Qxd8 40. h4 Qd7 41. g5 Nc7 42. Bh3 Qc6 43. Kf3 Qa8 44. Be3 Qa3 45. Bb6 Nce8 46. Bd7 Qb3 47. Qxb3 cxb3 48. Be6+ Kf8 49. Bxb3 Nc4 50. Bxc4 bxc4 51. Bc5+ Kf7 52. b5 Nc7 53. b6 Nb5 54. b7 Nxc3 55. b8Q Nd1 56. Qf8+ Ke6 57. Qe7# 1-0

[Event "Mataro op 11th"]
[Site "Mataro"]
[Date "2014.10.04"]
[Round "2"]
[White "Gomez Girones, Fermin"]
[Black "Carranza Kairgaliyev, Jan"]
[Result "1-0"]
[WhiteElo "1768"]
[BlackElo "1700"]
[PlyCount "94"]
[EventDate "2014.09.27"]
[EventType "swiss"]
[EventRounds "9"]
[EventCountry "ESP"]
[SourceTitle "EXT 2016"]
[Source "ChessBase"]
[SourceDate "2015.10.08"]
[SourceVersion "1"]
[SourceVersionDate "2015.10.08"]
[SourceQuality "1"]

1. d4 Nf6 2. c4 e6 3. Nc3 c5 4. e3 Nc6 5. Nf3 d5 6. Bd3 Bd6 7. 0-0 0-0 8. Re1 Bd7 9. a3 b6 10. Qc2 g6 11. Bd2 Qc7 12. Nb5 Qb8 13. Nxd6 Qxd6 14. Bc3 Rfe8 15. dxc5 bxc5 16. Bxf6 e5 17. Bg5 e4 18. cxd5 exd3 19. Qxd3 Ne5 20. Nxe5 Rxe5 21. Bf4 Rxd5 22. Bxd6 Rxd3 23. Bxc5 Rb3 24. Rab1 a6 25. e4 Rc8 26. Rec1 Bb5 27. f3 Bd3 28. Bd4 Rd8 29. Bf6 Re8 30. Ra1 Rxb2 31. Bxb2 h6 32. e5 Rb8 33. Bd4 Rd8 34. Be3 Re8 35. f4 Be4 36. Rc7 Rb8 37. Rac1 Bf5 38. Re7 Be6 39. Ra7 Rd8 40. Rxa6 Bc8 41. Rd6 Re8 42. Bb6 Kh7 43. Rd8 Re6 44. Bd4 Bb7 45. Rd7 Kg7 46. Rxb7 Re8 47. e6+ Kg8 1-0